000 01533nam a2200313 a 4500
001 000015089
003 DO-SdBPM
005 20251010133510.0
007 ta
008 100201s2006 dr a 001 0 spa d
040 _aDO-SdBNP
_bspa
_cBPMSU
_erda
_d
049 _a
082 4 _a304.6
_bR426c 2006
_222
110 1 _aRepública Dominicana.
_bOficina Nacional de Estadística
245 1 0 _aConceptos demográficos básicos definiciones y fórmulas /
_ccoordinación: Carmen Julia Gómez
264 _aSanto Domingo :
_bOficina Nacional de Estadística,
_c2006
300 _a115 páginas
_bilustración ;
_c21 cm.
336 _atexto
_btxt
_2rdacontent
337 _asin mediación
_bn
_2rdamedia
338 _avolumen
_bnc
_2rdacarrier
505 0 _aAcerca de la publicación 9 -- Conceptos demográficos 11 -- Producción de información sociodemográfica 19 -- Los instrumentos demográficos 23 -- Urbanización y distribución de la población 27 -- Composición por edad y sexo 37 -- Comparación de poblaciones 43 -- Migración 45 -- Fecundidad 51 -- Mortalidad 67 -- Morbilidad 77 -- Hogares y familias 81 -- Población y políticas 89
590 _aInventariado, 2025/VM
650 7 _aDemografía
_zRepública Dominicana
_2
650 7 _aPoblación
_zRepública Dominicana
_vEstadísticas
700 1 _a Gómez, Carmen Julia
_ecolaborador
710 1 _aRepública Dominicana.
_bSecretaría de Estado de Economía, Planificación y Desarrollo.
_b
910 _aVMateo V. Control de calidad. BPMSU
942 _2ddc
_cBK
999 _c15431
_d15431